| 000 | 00357nam a2200145Ia 4500 | ||
|---|---|---|---|
| 999 |
_c4836 _d4836 |
||
| 003 | OSt | ||
| 008 | 201117b ||||| |||| 00| 0 eng d | ||
| 082 | _a657 | ||
| 100 | _a VASUDEVA, Sakshi. | ||
| 245 | _aAccounting for business managers | ||
| 250 | _a1st. | ||
| 260 |
_a N.Delhi _bHimalaya Publication House _c 2013 |
||
| 300 | _a1035 | ||
| 942 |
_2ddc _cBK _07 |
||